Introduction To Algorithms (Record no. 12982)
[ view plain ]
| 000 -LEADER | |
|---|---|
| fixed length control field | 01911cam a2200337 a 4500 |
| 001 - CONTROL NUMBER | |
| control field | 12370044 |
| 005 - DATE AND TIME OF LATEST TRANSACTION | |
| control field | 20050209091840.0 |
| 008 - FIXED-LENGTH DATA ELEMENTS--GENERAL INFORMATION | |
| fixed length control field | 010405s2001 mau b 001 0 eng |
| 010 ## - LIBRARY OF CONGRESS CONTROL NUMBER | |
| LC control number | 2001031277 |
| 020 ## - INTERNATIONAL STANDARD BOOK NUMBER | |
| International Standard Book Number | 9780070131514 (hc. : alk. paper) |
| 040 ## - CATALOGING SOURCE | |
| Original cataloging agency | DLC |
| Transcribing agency | DLC |
| 050 00 - LIBRARY OF CONGRESS CALL NUMBER | |
| Classification number | QA76.6 |
| Item number | .I5858 2001 |
| 082 00 - DEWEY DECIMAL CLASSIFICATION NUMBER | |
| Classification number | 005.1 |
| Edition number | 21 |
| Item number | ALG |
| 245 00 - TITLE STATEMENT | |
| Title | Introduction To Algorithms |
| Statement of responsibility, etc | Thomas H. Cormen ... [et al.]. |
| 246 30 - VARYING FORM OF TITLE | |
| Title proper/short title | Algorithms |
| 250 ## - EDITION STATEMENT | |
| Edition statement | 2nd ed. |
| 260 ## - PUBLICATION, DISTRIBUTION, ETC. (IMPRINT) | |
| Place of publication, distribution, etc | Cambridge, Mass. : |
| Name of publisher, distributor, etc | MIT Press, |
| Date of publication, distribution, etc | c2001. |
| 300 ## - PHYSICAL DESCRIPTION | |
| Extent | xxi, 1180 p. cm. |
| 500 ## - GENERAL NOTE | |
| General note | Rev. ed. of: Introduction to algorithms / Thomas H. Cormen, Charles E. Leiserson, Ronald L. Rivest. c1990. |
| 504 ## - BIBLIOGRAPHY, ETC. NOTE | |
| Bibliography, etc | Includes bibliographical references (p. [1127]-1130) and index. |
| 650 #0 - SUBJECT ADDED ENTRY--TOPICAL TERM | |
| Topical term or geographic name as entry element | Computer programming. |
| 9 (RLIN) | 9648 |
| 650 #0 - SUBJECT ADDED ENTRY--TOPICAL TERM | |
| Topical term or geographic name as entry element | Computer algorithms. |
| 9 (RLIN) | 9649 |
| 700 1# - ADDED ENTRY--PERSONAL NAME | |
| Personal name | Cormen, Thomas H. |
| 9 (RLIN) | 9650 |
| 700 1# - ADDED ENTRY--PERSONAL NAME | |
| Personal name | Cormen, Thomas H. |
| Title of a work | Introduction to algorithms. |
| 9 (RLIN) | 9651 |
| 942 ## - ADDED ENTRY ELEMENTS (KOHA) | |
| Source of classification or shelving scheme | Dewey Decimal Classification |
| Item type | Book - Borrowing |
| Withdrawn status | Item status | Source of classification or shelving scheme | Damaged status | Not for loan | Vendor | Home library | Current library | Shelving location | Date acquired | Source of acquisition | Total Checkouts | Total Renewals | Full call number | Barcode | Date last seen | Date last borrowed | Koha item type |
|---|---|---|---|---|---|---|---|---|---|---|---|---|---|---|---|---|---|
| Dewey Decimal Classification | Baccah | Central Library | Central Library | Lower Floor | 06/12/2009 | Purchase | 10 | 69 | 005.1 INT | 000019072 | 15/07/2025 | 17/10/2021 | Book - Borrowing | ||||
| Dewey Decimal Classification | Baccah | Central Library | Central Library | Lower Floor | 06/12/2009 | Purchase | 7 | 84 | 005.1 INT | 000019071 | 15/07/2025 | 07/03/2019 | Book - Borrowing | ||||
| Dewey Decimal Classification | Baccah | Central Library | Central Library | Lower Floor | 06/12/2009 | Purchase | 4 | 36 | 005.1 INT | 000019070 | 15/07/2025 | 09/10/2013 | Book - Borrowing | ||||
| Dewey Decimal Classification | Baccah | Central Library | Central Library | Lower Floor | 06/12/2009 | Purchase | 1 | 005.1 INT | 000019069 | 15/07/2025 | 05/10/2011 | NB - Book (Non borrowing) | |||||
| Dewey Decimal Classification | Baccah | Central Library | Central Library | Lower Floor | 30/09/2013 | Purchase | 10 | 58 | 005.1 INT | 000029141 | 15/02/2026 | 23/09/2025 | Book - Borrowing | ||||
| Dewey Decimal Classification | Baccah | Central Library | Central Library | Lower Floor | 30/09/2013 | Purchase | 6 | 5 | 005.1 INT | 000029142 | 15/07/2025 | 09/05/2021 | Book - Borrowing |